Central Library OPAC University of Rajshahi

Folklore of the Santal Parganas : (Record no. 61467)

MARC details
000 -LEADER
fixed length control field 00614nam a2200217 a 4500
001 - CONTROL NUMBER
control field 61467
003 - CONTROL NUMBER IDENTIFIER
rucl marc code BD-RjUL
005 - DATE AND TIME OF LATEST TRANSACTION
control field 20211209080952.0
008 - FIXED-LENGTH DATA ELEMENTS--GENERAL INFORMATION
fixed length control field 170118s1909 enk 000 0 eng
035 ## - SYSTEM CONTROL NUMBER
System control number (BD-RjUL)61591
040 ## - CATALOGING SOURCE
Original cataloging agency DLC
Transcribing agency PBm
Modifying agency BD-RjUL
Language of cataloging eng
041 ## - LANGUAGE CODE
Language code of text/sound track or separate title eng
082 ## - DEWEY DECIMAL CLASSIFICATION NUMBER
Edition number 23
Classification number 398.209595
Author mark and year FOL 1909
245 10 - TITLE STATEMENT
Title Folklore of the Santal Parganas :
Statement of responsibility, etc. tr. by Cecil Henry Bompas.
260 ## - PUBLICATION, DISTRIBUTION, ETC. (IMPRINT)
Place of publication, distribution, etc. London :
Name of publisher, distributor, etc. D. Nutt,
Date of publication, distribution, etc. 1909.
300 ## - PHYSICAL DESCRIPTION
Pagination 483 p. ;
Size 23 cm.
650 #0 - SUBJECT ADDED ENTRY--TOPICAL TERM
Topical term or geographic name as entry element Folklore
Geographic subdivision India
-- Santhฤl Pargana.
9 (RLIN) 183209
700 ## - ADDED ENTRY--PERSONAL NAME
Personal name Bompas, Cecil Henry,
942 ## - ADDED ENTRY ELEMENTS (KOHA)
Source of classification or shelving scheme Dewey Decimal Classification
Koha item type Books
Holdings
Lost status Source of classification or shelving scheme Damaged status Not for loan Collection code Permanent Location Current Location Shelving location Date acquired Source of acquisition Total Checkouts Full call number Date last seen Copy number Koha item type
  Dewey Decimal Classification   Not For Loan Non-fiction Central Library, University of Rajshahi Central Library, University of Rajshahi Reading Room 20/02/1957 puthia raj estate   398.209595 FOL 1909 18/01/2017 C-1 Books